000 02160nam0a2200481 4500
001 RU\NLR\bibl\1878513
005 20260405200830.0
010 _a978-5-9961-0397-3
_9500
021 _aRU
_b2012-12232
_9925
035 _a(nilc)LIBNET\0000215569
035 _a2VIL\RUSMED\0000205272
035 _a(NLR Aleph) 001868302
090 _a2626073
_c2626073
100 _a20120224d2011 |||y0rusy50 ca
101 0 _arus
102 _aRU
105 _aa |||||||||
200 1 _aЗдоровье как экономический ресурс
_fЛ.С. Киселева
_gМ-во образования и науки Рос. Федерации, Федер. гос. бюджет. образоват. учреждение высш. проф. образования "Тюм. гос. нефтегазовый ун-т"
210 _aТюмень
_cТюмГНГУ
_d2011
215 _a222 с.
_cил.
_d21
320 _aБиблиогр.: с. 182-206 (285 назв.) и в подсточ. примеч.
606 1 _aЗдоровье
_yРоссийская Федерация
_92097786
_3RU\NLR\auth\661269094
606 1 _aЭКОНОМИКА МЕДИЦИНСКАЯ
_2rus_mesh
_3R4577
606 1 _aЗДОРОВЬЯ СОСТОЯНИЕ
_2rus_mesh
_3R6433
606 1 _aЧеловеческие ресурсы
_xЭкономический аспект изучения
_92090530
_3RU\NLR\auth\661265353
606 1 _aECONOMICS, MEDICAL
_2rus_mesh
_3E4577
606 1 _aHEALTH STATUS
_2rus_mesh
_3E6433
686 _a76.75.75
_2rugasnti
686 _aI01.240.425
_v2011
_2MESH
686 _aN01.224.425
_v2011
_2MESH
686 _aN06.850.505.400.425
_v2011
_2MESH
686 _aN03.219.300
_v2011
_2MESH
686 _aР11(2)0
686 _aУ9(2)-08(2Р)
700 1 _4070
_8rus
_7ca
_aКиселева
_bЛ. С.
_cд-р социол. наук, канд. экон. наук
_f1975-
_gЛюдмила Сергеевна
_3RU\NLR\AUTH\7788420
_971348
801 0 _aRU
_bЦНМБ
_c20120224
_gPSBO
801 1 _aRU
_bЦНМБ
_c20120224
801 2 _aRU
_bЦНМБ
_c20120302
801 2 _aRU
_bNLR
_c20120312
_grcr
942 _cBOOK
980 _aNB
980 _aNBR